Bengali literature /

Hlavní autor: Zbavitel, Dušan, 1925-2012
Jazyk: Angličtina
Vydáno: Wiesbaden : O. Harrassowitz, 1976
Edice: History of Indian Literature
Modern Indo-Aryan Literatures
Fyzický popis: S. 120-307
Knihy
Uloženo v:
LEADER 00785nam a2200241 a 4500
001 000243471
003 CZ BrMZK
005 20120528131858.0
007 ta
008 950101s1976 gw f 000 0 eng d
040 |a BOA001  |b cze 
100 1 |a Zbavitel, Dušan,  |d 1925-2012  |7 jk01152285  |4 aut 
245 1 0 |a Bengali literature /  |c Dušan Zbavitel 
260 |a Wiesbaden :  |b O. Harrassowitz,  |c 1976 
300 |a S. 120-307 
490 1 |a A history of Indian literature ;  |v vol. 9 
490 1 |a Modern Indo-Aryan literatures ;  |v P. 2, facs. 3 
830 0 |a History of Indian Literature 
830 0 |a Modern Indo-Aryan Literatures 
910 |a BOA001  |b 2-0794.088 
990 |a BK 
991 |b 201110 
996 7 |b 2619871666  |c 2-0794.088  |l MZK  |r Sklad / do 1 hodiny  |n 9  |w 000243471  |u 000010  |a 1  |e BOA001  |j MZK50  |s A